Statystyki dla E-sportowe potęgi sceny CS:GO

Kliknij tutaj aby rozwiązać quiz!

Ogólne statystyki

  • Ten quiz został rozwiązany 290 razy
  • Średni wynik to 5 z 15

Statystyki odpowiedzi

HintOdpowiedź% Poprawnych
2.Astralis
72%
1.Natus Vincere
72%
5fnatic
69%
7FaZe
63%
11NiP
55%
6Team Liquid
39%
3.G2 Esports
34%
4.mousesports
29%
12FURIA
26%
8Evil Geniuses
19%
10Team Vitality
19%
9100 Thieves
14%
13MAD Lions
11%
15GEN.G
5%
14Team Complexity
2%

Rozkład punktacji

Percentyl według liczby udzielonych odpowiedzi

Procent ludzi z każdym wynikiem

Twoja historia wyników

Nie rozwiązałeś tego quizu